书目信息 |
| 题名: |
日本常识
|
|
| 作者: | 陈伟伟 编著 | |
| 分册: | ||
| 出版信息: | 南京 江苏人民出版社 2016 |
|
| 页数: | 10,177页 | |
| 开本: | 24cm | |
| 丛书名: | 各国常识书系 | |
| 单 册: | ||
| 中图分类: | K931.3 | |
| 科图分类: | ||
| 主题词: | ||
| 电子资源: | ||
| ISBN: | 978-7-214-16765-1 | |
| 000 | 00858nam0 22002651 450 | |
| 001 | 0122100918 | |
| 005 | 20170322100918.0 | |
| 010 | @a978-7-214-16765-1@dCNY28.00 | |
| 100 | @a20160119d2016 em y0chiy50 ea | |
| 101 | 0 | @achi |
| 102 | @aCN@b320000 | |
| 105 | @ay z 000yy | |
| 106 | @ar | |
| 200 | 1 | @a日本常识@9ri ben chang shi@f陈伟伟编著 |
| 210 | @a南京@c江苏人民出版社@d2016 | |
| 215 | @a10,177页@d24cm | |
| 225 | 2 | @a各国常识书系@9ge guo chang shi shu xi |
| 300 | @a魁文馆 | |
| 330 | @a本书主要围绕日本的历史、地理、经济、政治、生活、旅游、移民、科技、文化、军事、教育等方面进行阐述,使读者对日本各方面的常识有一个较为全面的了解。 | |
| 461 | 0 | @12001 @a各国常识书系 |
| 607 | @a日本@Ari ben@x概况 | |
| 690 | @aK931.3@v5 | |
| 701 | 0 | @a陈伟伟@9chen wei wei@4编著 |
| 801 | 0 | @aCN@bTANGWEI@c20170308 |
| 905 | @b0960758-61@dK931.3@e445@f4 | |
| 日本常识/陈伟伟编著.-南京:江苏人民出版社,2016 |
| 10,177页;24cm.-(各国常识书系) |
| 魁文馆 |
| ISBN 978-7-214-16765-1:CNY28.00 |
| 本书主要围绕日本的历史、地理、经济、政治、生活、旅游、移民、科技、文化、军事、教育等方面进行阐述,使读者对日本各方面的常识有一个较为全面的了解。 |
| ● |
| 相关链接 |
|
|
|
|
正题名:日本常识
索取号:K931.3/445
 
预约/预借
| 序号 | 登录号 | 条形码 | 馆藏地/架位号 | 状态 | 备注 |
| 1 | 0960758 | 209607585 | 第二样本阅览室/ [索取号:K931.3/445] | 在馆 | |
| 2 | 0960759 | 209607594 | 第二借阅区/ [索取号:K931.3/445] | 在馆 | |
| 3 | 0960760 | 209607601 | 第二借阅区/ [索取号:K931.3/445] | 在馆 | |
| 4 | 0960761 | 209607610 | 密集书库-资源管理系/ [索取号:K931.3/445] | 在馆 |